1-10 Letter Z Words Quiz Stats

 Plays Quiz Updated Oct 4, 2017

Challenge
Share
Tweet
Embed
Score 0/10 Timer 02:00
4 Plays Today
Clue Z-Word % Correct
Yves Montand's political thriller filmZ
100%
A black and white stripe equinezebra
94.9%
An Italian flattened dough covered with a savory tomato/cheese mixture, for shortza
93.9%
A sect of BuddhismZen
84.8%
A cell formed when an egg is fertilizedzygote
80.7%
A machine used for ice rink resurfacingZamboni
75.4%
Medium sized tubular pastaziti
70.5%
Relating to the study of animalszoological
55.6%
The general cultural climate of an era or the momentzeitgeist
43.6%
A stepped Mesopotamian templeziggurat
35.7%

You're not logged in!

Compare scores with friends on all Sporcle quizzes.
OR
Log In

You Might Also Like...

Show Comments

Extras

Top Quizzes Today


Score Distribution

Your Account Isn't Verified!

In order to create a playlist on Sporcle, you need to verify the email address you used during registration. Go to your Sporcle Settings to finish the process.

Report this User

Report this user for behavior that violates our Community Guidelines.

Details: